00900cam a22002411 45000010008000000030004000080050017000120080041000290200018000700400009000880420012000970500015001090820017001241000060001412450057002012600038002583000019002964900035003155000186003505040053005366510020005898100049006095920140OSt20200520101015.0771216s1923 enk b 000 0 eng  a9788130712529 coclc apremarc00aDK878b.G5 a958.6bGIB/A aGibb, H A Rq(Hamilton Alexander Rosskeen),d1895-1971.14aThe Arab conquests in Central Asia /c H. A. R. Gibb aIndia:bCosmo Publication,c2012. a102 p.c25 cm.1 aJames G. Forlong fund, vol. II a"The first draft of this work was presented to the University of London ... 1921, under the title of The Arab conquest of Transoxania, as a thesis for the degree of master of arts." a"Bibliography of chief works cited": p. 100-102. 0aIslamic Empire.2 aJames G. Forlong Fund.tPublications ;vv.2.